Cyberethics : Morality and Law in Cyberspace /

Revisión del costo social y los problemas de carácter moral que se han generado por el uso masivo de Internet, especialmente aquellos relacionados con la libertad de expresión, la propiedad intelectual, el respeto a la privacidad, la seguridad de la información y la propagación de la pornografía.

שמור ב:
מידע ביבליוגרפי
מחבר ראשי: Spinello, Richard A. (autor)
פורמט: ספר
שפה:אנגלית
יצא לאור: Boston, EUA : Jones and Bartlett, 2000, c2000
נושאים:
תגים: הוספת תג
אין תגיות, היה/י הראשונ/ה לתייג את הרשומה!

MARC

LEADER 00000nam^a2200000^a^4500
001 000129999
005 20250521000000.0
009 20260310094934.193
020 |a 0-7637-1269-8 
037 |a Acervo ITESO - Biblioteca 
041 |a ING 
082 |a 343. 099  |b SPI 
100 |a Spinello, Richard A.  |e (autor) 
245 1 0 |a Cyberethics :  |b Morality and Law in Cyberspace /  |c R.A. Spinello. 
264 4 |a Boston, EUA :  |b Jones and Bartlett,  |c 2000, c2000 
300 |a 165 p. +  |e 1 web (http://www.jbpub.com/cyberethics/) 
336 |a texto  |b txt  |2 rdacontenido 
337 |a sin mediación  |b n  |2 rdamedio 
338 |a volumen  |b nc  |2 rdasoporte 
520 |a Revisión del costo social y los problemas de carácter moral que se han generado por el uso masivo de Internet, especialmente aquellos relacionados con la libertad de expresión, la propiedad intelectual, el respeto a la privacidad, la seguridad de la información y la propagación de la pornografía. 
649 |a XX 
650 |a Paquetes (Software) -  |x Aspectos Jurídicos 
650 |a Protección de Datos 
650 |a Internet -  |x Aspectos Jurídicos -  |x Tema Principal 
650 |a Internet -  |x Aspectos Eticos -  |x Tema Principal 
650 |a Tecnologías de Comunicación e Información -  |x Aspectos Jurídicos 
650 |a Tecnologías de Comunicación e Información -  |x Aspectos Eticos 
650 |a Cambios Sociales y Culturales 
650 |a Control Social -  |x Tema Principal 
650 |a Libertad de Información 
650 |a Derecho de Autor 
650 |a Derecho Informático 
650 |a Derecho Público 
910 |a Fondo General 
920 |a Impresos - Libros 
930 |a Colección General 
905 |a 101 
901 |a 0500060225  |b IT1  |c ACC  |u 20250521 
902 |a https://opac.biblio.iteso.mx/vufind/Record/000129999